| 000 | 00615nam a2200241Ia 4500 | ||
|---|---|---|---|
| 003 | OSt | ||
| 005 | 20221007100421.0 | ||
| 006 | a|||||r|||| 00| 0 | ||
| 007 | ta | ||
| 008 | 221006b |||||||| |||| 00| 0 eng d | ||
| 024 | _a4,377 | ||
| 037 | _cTextual | ||
| 040 |
_aLCO _cLCO _beng |
||
| 041 |
_2eng _aeng |
||
| 082 | _aV73,3:1, L8 | ||
| 100 |
_aRIESELBACH L N _9701640 |
||
| 245 | 0 | _aLegislative reform | |
| 260 |
_aToronto _bLexington _c1978 |
||
| 300 | _a253 | ||
| 650 |
_aLEGISLATIVE REFORM _9701641 |
||
| 942 |
_hV73,3:1, L8 _cTEXL |
||
| 999 |
_c1173940 _d1173940 |
||